| 000 | 00730nam a2200229 a 4500 | ||
|---|---|---|---|
| 999 |
_c3175 _d3175 |
||
| 001 | 3175 | ||
| 003 | BD-JhCC | ||
| 005 | 20210413134020.0 | ||
| 008 | 171111s1985 xxu |||| ||a| 000 0 ben d | ||
| 035 | _a(BD-JhCC)3175 | ||
| 040 |
_aBD-JhCC _dBD-JhCC |
||
| 041 | _aben | ||
| 082 |
_a891.4409 _bSHA 1985 |
||
| 100 | _aশরীফ, আহমদ | ||
| 245 |
_aমধ্যযুগে বাঙলা সাহিত্য / _c আহমদ শরীফ, |
||
| 260 |
_aঢাকা : _bবাংলা একাডেমী, _c1985 |
||
| 300 |
_a112 p. : _c18 cm. |
||
| 490 | _aSeries in honour of the Martyrs of the Language Movement of February 1952. | ||
| 650 | _aBengali Literature | ||
| 942 |
_2ddc _cBK _02 |
||